Music Quiz

Random Music Quiz

Amber Liu and Friends Quiz Stats

Quiz not verified by Sporcle

Challenge
Share
Tweet
Score 0/20 Timer 15:00
0 Plays Today
% Correct
Luna
96.2%
Victoria
90.4%
Krystal
88.5%
Sulli
78.8%
Jackson
71.2%
Sunny
59.6%
Eric and Kevin
48.1%
Henry
42.3%
Ailee
40.4%
Taeyeon
34.6%
% Correct
Hyuna
32.7%
Sooyoung
30.8%
Yuri
30.8%
Sungjae and KangIn
28.8%
Yeri
28.8%
Dara
25%
Baekhyun, Chen and Chanyeol
23.1%
Minah
15.4%
Kris
13.5%
Bomi
9.6%

You're not logged in!

Compare scores with friends on all Sporcle quizzes.
Sign Up with Email
OR
Log In

You Might Also Like...

Show Comments

Extras

Top Quizzes Today


Score Distribution

Your Account Isn't Verified!

In order to create a playlist on Sporcle, you need to verify the email address you used during registration. Go to your Sporcle Settings to finish the process.